| 000 | 01183nam a22002657a 4500 | ||
|---|---|---|---|
| 005 | 20170124102932.0 | ||
| 010 | _aB-068077 | ||
| 020 |
_c90.00 _a8185829063 |
||
| 035 | _aB-068077 | ||
| 037 | _bCen Lib/Ret | ||
| 040 |
_aDPL _bHN |
||
| 082 |
_a363.7392 _bमिश्रशि |
||
| 100 |
_aमिश्र, शिवगोपाल _945478 |
||
| 245 |
_aवायु प्रदूषण / _cशिवगोपाल मिश्र [एवं] सुनील दत्त तिवारी |
||
| 246 |
_aVaayu pradushan / _bby Shivgopal Mishra [and] Suneel Dutt Tiwari |
||
| 260 |
_bज्ञान गंगा _aदिल्ली _c2002 |
||
| 270 |
_a205-सी, चावड़ी बाजार _bदिल्ली _e110006 |
||
| 300 |
_a112पृ. : _c21सेमी (सजिल्द) _bसचित्र |
||
| 650 |
_aहिन्दी -- साहित्य _945479 |
||
| 650 |
_aप्रदूषण -- वायु _9147 |
||
| 650 |
_aHindi literature _945480 |
||
| 650 |
_aPollution - air _945481 |
||
| 700 |
_aतिवारी, सुनील दत्त _97478 |
||
| 942 |
_2ddc _cHN _h363.7392 _mमिश्रशि |
||
| 999 |
_c112013 _d112013 |
||